000 00530ntaaa2200193 4500
003 01
005 20251027201620.0
008 0714s1973 ag 01
040 _aAR-BaBN
_bspa
_cAR-BaBN
_eaacr
_dRIC
082 _a248.3000 So1o
100 _aSobrino, Jon
_91725
245 _aLa oración de Jesús y del cristiano
250 _a1 ed.
260 _aMéxico :
_bCentro de reflexion teologica,
_c1981
300 _a83 p ;
_c17 cm
500 _aContiene notas y referencias bibliograficas
650 _aoración
_91331
942 _cBK
999 _c10816
_d10816